Asian Countries Without Rivers - Statistics

General Stats
  • This quiz has been taken 88 times
  • The average score is 8 of 8
Answer Stats
Asian Country % Correct
Oman
100%
Yemen
100%
Qatar
99%
Saudi Arabia
99%
Bahrain
97%
United Arab Emirates
94%
Kuwait
93%
Maldives
71%
No matching quizzes found
Score Distribution
Percent of People with Each Score
Percentile by Number Answered
Your Score History
You have not taken this quiz